29 cartas : (Registro nro. 11685)

000 -CABECERA
campo de control de longitud fija 01614nam a2200277 a 4500
001 - NÚMERO DE CONTROL
campo de control 000085311
005 - FECHA Y HORA DE LA ÚLTIMA TRANSACCIÓN
campo de control 20200120224916.0
008 - DATOS DE LONGITUD FIJA--INFORMACIÓN GENERAL
campo de control de longitud fija 180705s2017 ck o e|| |000|||spa d
020 ## - NÚMERO INTERNACIONAL ESTÁNDAR DEL LIBRO
Número Internacional Estándar del Libro 9789588954554
041 ## - CÓDIGO DE LENGUA
Código de lengua del texto/banda sonora o título independiente spa
043 ## - CÓDIGO DE ÁREA GEOGRÁFICA
Código de área geográfica s-ck---
082 04 - NÚMERO DE LA CLASIFICACIÓN DECIMAL DEWEY
Número de edición 21
090 ## - LOCALMENTE ASIGNADO TIPO-LC NÚMERO DE CLASIFICACIÓN (OCLC); NÚMERO DE CLASIFICACIÓN LOCAL (RLIN)
Número de clasificación (OCLC) (R) ; Numero de clasificación, CALL (RLIN) (NR) JN
Número cutter local (OCLC) ; Número de libro/Signatura topográfica íntegra, CALL (RLIN) PARve
100 1# - ENTRADA PRINCIPAL--NOMBRE DE PERSONA
Nombre de persona Paredes, Julio
245 10 - MENCIÓN DE TÍTULO
Título 29 cartas :
Resto del título autobiografía en silencio /
Mención de responsabilidad, etc. Julio Paredes.
250 ## - MENCIÓN DE EDICIÓN
Mención de edición 1a. ed.
260 ## - PUBLICACIÓN, DISTRIBUCIÓN, ETC.
Lugar de publicación, distribución, etc. Bogotá :
Nombre del editor, distribuidor, etc. Babel,
Fecha de publicación, distribución, etc. 2017.
300 ## - DESCRIPCIÓN FÍSICA
Extensión 275 páginas :
Otras características físicas ilustraciones, fotos en blanco y negro.
490 ## - MENCIÓN DE SERIE
Mención de serie Frontera
Designación de volumen o secuencia 17
520 ## - SUMARIO, ETC.
Sumario, etc. "Un colapso ha llevado al hombre que escribe esta correspondencia a un nuevo estado cerebral que no ha dejado en su memoria ni el más mínimo rastro de lo que fue. A lo largo de un año, el que fuera un reconocido lingüista explora su conciencia y, ante la ausencia de recuerdos, recoge una a una las piezas de su antigua vida como investigador de prestigio y lector insaciable, esculca en los vestigios de su vida profesional, familiar, afectiva, y se interroga sobre la vanidad que acecha en la acumulación de conocimiento, descubriendo poco a poco la belleza de las cosas más simples y cotidianas. Honrando el arte de la correspondencia, Julio Paredes logra que su personaje, como Kafka, se desnude ante los fantasmas y juega con la vocación siempre presente en el escritor de ser otro que empieza cada libro desde cero. "
650 14 - PUNTO DE ACCESO ADICIONAL DE MATERIA--TÉRMINO DE MATERIA
Término de materia o nombre geográfico como elemento de entrada Novela epistolar colombiana
650 24 - PUNTO DE ACCESO ADICIONAL DE MATERIA--TÉRMINO DE MATERIA
Término de materia o nombre geográfico como elemento de entrada Novela policíaca colombiana.
650 24 - PUNTO DE ACCESO ADICIONAL DE MATERIA--TÉRMINO DE MATERIA
Término de materia o nombre geográfico como elemento de entrada Literatura colombiana
700 1# - PUNTO DE ACCESO ADICIONAL--NOMBRE DE PERSONA
Nombre de persona Osorio, María
Término indicativo de función/relación editor.
700 1# - PUNTO DE ACCESO ADICIONAL--NOMBRE DE PERSONA
Nombre de persona Peña Trujillo, Beatriz,
Término indicativo de función/relación editor.
Existencias
Estado de retiro Estado de pérdida Fuente del sistema de clasificación o colocación Estado dañado No para préstamo Código de colección Localización permanente Ubicación/localización actual Fecha de adquisición Número de inventario Total de préstamos Signatura topográfica completa Código de barras Fecha visto por última vez Número de copia Precio válido a partir de Tipo de ítem Koha Nota pública
          Literatura Juvenil Biblioteca Pública San Juan Bosco Biblioteca Pública San Juan Bosco 20/01/2020 NT   JN PARve MOS019473 05/01/2021 ej.1 20/01/2020 Libro Literatura Quince días

© Todos los derechos reservados para la Biblioteca Pública Municipal San Juan Bosco, 2020
Secretaria de Cultura de Mosquera
Carrera 3 N° 10 Esquina Centro Cultural Barrio El Carmén Teléfono: 8270830 Ext: 34
Funcionando con KOHA
Contacto: Biblioteca Pública Municipal San Juan Bosco/ bibliotecasanjuanbosco@mosquera-cundinamarca.gov.co
Mosquera, Cundinamarca